000 00692nam a2200253Ia 4500
003 OSt
005 20221006153424.0
006 a|||||r|||| 00| 0
007 ta
008 221006b |||||||| |||| 00| 0 kor d
020 _cW 9,500
024 _a32,294
037 _bGift, Korean Embassy
_cTextual
040 _aEASL
_cEASL
_bkor
041 _2kor
_akor
082 _aP495,3, P3
100 _aSUKMYEONG YEOJA DAEHAKYO Au.
_9663855
245 0 _aMal
260 _aSeoul
_bSukmyeong Yeojadaehakyo
_c2003
300 _a275p.
_ccm.
490 _v KL
942 _hP495,3, P3
_cTEXL
_2CC
999 _c1100380
_d1100380